| 000 | 00843nam a22002177a 4500 | ||
|---|---|---|---|
| 999 |
_c15140 _d15140 |
||
| 003 | OSt | ||
| 082 | _2631.75807 AIS/A | ||
| 088 | _aP 226 | ||
| 100 |
_aAISWARYA M. V _93437 |
||
| 245 | _aA study of the dringking water supply system in K.C.A.E.T campus - problems and solutions | ||
| 260 |
_aTavanur 2011 _bDepartment of Land and Water Resources and Conservation Engineering |
||
| 300 | _a68 | ||
| 500 | _aA study of the drinking water supply system in K.C.A.E.T campus - problems and solutions | ||
| 520 | _aA study of the drinking water supply system in K.C.A.E.T campus - problems and solutions | ||
| 700 |
_aArcha Devarajan _93438 |
||
| 700 |
_aBincy A. L _93439 |
||
| 700 |
_aNisha V. S _93440 |
||
| 700 |
_aEr. Vishnu B (Guide) _93355 |
||
| 856 | _uhttps://drive.google.com/open?id=1xHYtTvBlOIflmyKqI30xxPpgtG03_qAp | ||
| 942 | _cPR | ||